| 000 | 00595nam a2200181Ia 4500 | ||
|---|---|---|---|
| 008 | 191130s2003##################000#0#eng## | ||
| 020 | _a9781403920768 | ||
| 040 |
_aACL _cACL |
||
| 082 | _a338.6094 FED | ||
| 245 |
_aCorporate governance in a changing Econo: trajectories of institutional change _cedited by Michal federowicz |
||
| 260 |
_aHoundmills, Basingstoke, Hampshire ; New York, N.Y _bPalgrave Macmillan _c2003 |
||
| 300 | _a299 p. 23cm | ||
| 650 | _aEconomics | ||
| 700 | _aFederowicz, michal | ||
| 990 | _a9a16955dac10000c59e4be674bccf38e | ||
| 991 | _a209017 | ||
| 999 |
_c139652 _d139652 |
||